Tranh luận văn học
Đã lưu trong:
| Hovedforfatter: | |
|---|---|
| Format: | Bog |
| Sprog: | Undetermined |
| Udgivet: |
H.
Văn Học
2000
|
| Fag: | |
| Tags: |
Tilføj Tag
Ingen Tags, Vær først til at tagge denne postø!
|
| Thư viện lưu trữ: | Trung tâm Học liệu Trường Đại học Cần Thơ |
|---|
| LEADER | 00522nam a2200193Ia 4500 | ||
|---|---|---|---|
| 001 | CTU_52037 | ||
| 008 | 210402s9999 xx 000 0 und d | ||
| 020 | |b 30000 | ||
| 082 | |a 895.92209 | ||
| 082 | |b S464 | ||
| 100 | |a Nguyễn Hoàng Sơn | ||
| 245 | 0 | |a Tranh luận văn học | |
| 245 | 0 | |c Nguyễn Hoàng Sơn | |
| 260 | |a H. | ||
| 260 | |b Văn Học | ||
| 260 | |c 2000 | ||
| 650 | |a vietnamese literature | ||
| 650 | |x history and criticism | ||
| 980 | |a Trung tâm Học liệu Trường Đại học Cần Thơ | ||